Statistics for Goosebumps Titles

Click here to take the quiz!

General Stats

  • This quiz has been taken 292 times
    (198 since last reset)
  • The average score is 18 of 32

Answer Stats

HintAnswer% Correct
Welcome to _____ HouseDead
86%
Stay Out of the _____Basement
84%
_____ _____ and Die!Say Cheese
82%
Night of the Living _____Dummy
81%
Monster _____Blood
76%
It Came From Beaneath the _____!Sink
68%
The _____ of Fever SwampWerewolf
68%
The _____ That Ate EveryoneBlob
66%
A Night in _____ TowerTerror
65%
The _____ Walks at MidnightScarecrow
63%
The Haunted _____Mask
61%
One Day at _____HorrorLand
57%
_____ _____ Can Be MurderPiano Lessons
57%
Why I'm Afraid of _____Bees
56%
Welcome to Camp _____Nightmare
56%
Calling All _____ !Creeps
52%
Vampire _____Breath
51%
The Abominable Snowman of _____Pasadena
50%
How I Learned to _____Fly
49%
My Best Friend is _____Invisible
48%
Phantom of the _____Auditorium
47%
The _____ _____ of DoomCuckoo Clock
45%
How I Got My _____ _____Shrunken Head
45%
Revenge of the _____ _____Lawn Gnomes
44%
_____ Monsters from MarsEgg
41%
Attack of the _____Jack-O'-Lanterns or Mutant
41%
The Horror at Camp _____Jellyjam
41%
Werewolf _____Skin
41%
The _____ing GhostBark
40%
Legend of the Lost _____Legend
38%
My _____ AdventureHairiest
37%
Beware, the _____Snowman
24%

Score Distribution

Percentile by Number Answered

Percent of People with Each Score

Your Score History

You have not taken this quiz since the last reset